| 000 | 00504nam a2200109Ia 4500 | ||
|---|---|---|---|
| 008 | 220615s9999||||xx |||||||||||||| ||und|| | ||
| 245 | 0 |
_aAfter the Text _bByzantine Enquiries in Honor of Margaret Mullett |
|
| 546 | _aEnglish[eng] | ||
| 650 | _aByzantine Literature, Literature, Byzantine History, History, Poetry, Greek Literature, Byzantine Culture, Late Antique Literature, Medieval Literature, Classical Literature, and Hagiography | ||
| 700 | _aJames, Liz||Nicholson, Oliver||Scott, Roger | ||
| 942 | _cEB | ||
| 999 |
_c11076 _d11076 |
||